00534 2200181 4500001002100000005001700021035002400038040001200062090002000074100002700094245009300121250001100214260003300225300002600258650003900284850001200323990001700335YOGYA00000000009736820140922094242.0 0010-081400000097085 aYOPDYOG aQ 959.823 Sur D aSuryo Sakti Hadiwijoyo aDaerah Istimewa Yogyakarta dalam Sistem Ketatanegaraan IndonesiacSuryo Sakti Hadiwijoyo aCet. 1 aYogyakartabGraha Ilmuc2013 axii, 230 Hlm.c26 cm. aSistem ketatanegaraan - Yogyakarta aYOPDYOG a1520-PD/B.13